Quick Pick: 'Right' and Wrong Quiz Stats

Quiz Updated Apr 9, 2016

Challenge
Share
Tweet
Embed
Score 0/12 Timer 01:00
6 Plays Today
% Correct
Wrote
92.1%
Rot
88.4%
Route
88.4%
Rut
88.3%
Root
86.1%
Right
85.8%
Write
85%
Rite
83.9%
Wrought
80.2%
Rout
69%
Rote
67.7%
Writ
63.7%

Today's Daily Dose

Missing Word
Jazz Songs 'C'

On This Day
January 18th

You're not logged in!

Compare scores with friends on all Sporcle quizzes.
Sign Up with Email
OR
Log In

You Might Also Like...

Show Comments

Extras

Top Quizzes Today


Score Distribution

Your Account Isn't Verified!

In order to create a playlist on Sporcle, you need to verify the email address you used during registration. Go to your Sporcle Settings to finish the process.